00673nam a22001337a 4500008004100000040005500041080002300096245026500119260007200384300001500456650002200471653002500493653002100518230405b |||||||| |||| 00| 0 eng d aNational Science LibrarycNational Science Library a338:382.6(913)bL0 aSurvey of India's export potential to twenty-six selected countries in the Indian ocean basin and nearby areas c/The Export Promotion Division U. S. Agency for International Development, New Delhi, Survey of India's export prospects in Australia, March 1970  aNew Delhi: bNational Council of Applied Economic Research, c1970  aiii, 442p. aExport prospects  aEconomic indicators  aTrade prospects